Bệnh Alzheimer và các thể sa sút trí tuệ khác

Sách giới thiệu về sa sút trí tuệ, trình bày chi tiết các thể sa sút trí tuệ thường gập và các biện pháp điều trị.

保存先:
書誌詳細
第一著者: Phạm Thắng
フォーマット: 図書
言語:Vietnamese
出版事項: H. Y học 2010
主題:
タグ: タグ追加
タグなし, このレコードへの初めてのタグを付けませんか!
Thư viện lưu trữ: Thư viện Trường Đại học Nam Cần Thơ
LEADER 00883nam a22001937a 4500
001 NCT_55768
008 190103b xxu||||| |||| 00| 0 vie d
999 |c 2689  |d 2689 
020 |c 96000 
082 0 4 |2 23rd ed.  |a 616.8  |b Th116 
100 1 |a Phạm Thắng 
245 1 0 |a Bệnh Alzheimer và các thể sa sút trí tuệ khác  |c Phạm Thắng 
260 |a H.  |b Y học  |c 2010 
300 |a 339 tr.  |b Minh họa  |c 24cm 
520 3 |a Sách giới thiệu về sa sút trí tuệ, trình bày chi tiết các thể sa sút trí tuệ thường gập và các biện pháp điều trị. 
653 |a Y đa khoa 
942 |2 ddc  |c BK 
952 |0 0  |1 0  |2 ddc  |4 0  |6 616_800000000000000_TH116  |7 0  |9 14933  |a 000001  |b 000001  |d 2019-01-03  |o 616.8 Th116  |p MD.14056  |r 2019-01-03  |v 96000.00  |w 2019-01-03  |y BK 
980 |a Thư viện Trường Đại học Nam Cần Thơ